00958nam a2200265 a 4500003000900000005001700009007000300026008004100029020001800070040002500088082002800113100002000141245012800161260003500289300004900324500007100373504003200444650004800476650006100524650002300585650001400608650002400622650001400646700003200660DO-SdBNP20220221123842.0ta220204e2019 dr abocgr|||| 001 edspa d a9789945220230 aDO-SdBNPbspacBNPHU 4a929.92097293bB248c2221 aBaret, Víctor10aConociendo, descifrando y protegiendo nuestros símbolos patrios /cVíctor C. Baret Berroa ; prólogo, Frank Martínez aSanto Domingo :bBúho,c2019 a165 p. :bil., fots., mapa, retrs. ;c23 cm. aIncluye datos biográficos del autor en la solapa de la cubierta. aBibliografía: p. 159- 165 4aEmblemas nacionaleszRepública Dominicana 4aHimnos Patrióticos DominicanosxRepública Dominicana 4aEscudos nacionales 4aBanderas  4aEmblemas nacionales 4aHeraldica1 aMartínez, Frank,epról.